The steel industry wage structure : A study of the joint union-management job evaluation program in the basic steel industry
Gorde:
| Egile nagusia: | |
|---|---|
| Formatua: | Liburua |
| Hizkuntza: | Undetermined |
| Argitaratua: |
Massachusetts
Harvard University Press
1959
|
| Gaiak: | |
| Etiketak: |
Etiketa erantsi
Etiketarik gabe, Izan zaitez lehena erregistro honi etiketa jartzen!
|
| Thư viện lưu trữ: | Trung tâm Học liệu Trường Đại học Cần Thơ |
|---|
| LEADER | 00611nam a2200181Ia 4500 | ||
|---|---|---|---|
| 001 | CTU_78182 | ||
| 008 | 210402s9999 xx 000 0 und d | ||
| 082 | |a 331.2 | ||
| 082 | |b S855 | ||
| 100 | |a Stieber, Jack | ||
| 245 | 4 | |a The steel industry wage structure : | |
| 245 | 2 | |b A study of the joint union-management job evaluation program in the basic steel industry | |
| 245 | 0 | |c Jack Stieber | |
| 260 | |a Massachusetts | ||
| 260 | |b Harvard University Press | ||
| 260 | |c 1959 | ||
| 650 | |a Iron,Steel worker,Werthem publications industrial relations | ||
| 980 | |a Trung tâm Học liệu Trường Đại học Cần Thơ | ||